000 01532cam a22003254a 4500
999 _c26279
_d26279
001 13753245
005 20170203154225.0
008 041018s2005 nyua bc 000 0deng
010 _a 2004115282
020 _a0976204304 (alk. paper)
050 0 0 _aND717 .A43 2005
245 0 4 _aThe ambassador John L. Loeb Jr. Danish art collection /
_cforeword by John L. Loeb Jr. ; introduction by Suzanne Ludvigsen ; contributors, Elisabeth Fabritius ... [et al.].
250 _a1st ed.
260 _aNew York :
_bJ.L. Loeb,
_c2005.
300 _axxxi, 426 p. :
_bcol. ill. ;
_c31 cm.
504 _aIncludes bibliographical references (p. 424-425).
600 1 0 _aLoeb, John L.,
_cJr.
_q(John Langeloth),
_d1930-
_xArt collections
_vCatalogs.
650 0 _aPainting, Danish
_y19th century
_vCatalogs.
650 0 _aPainting, Danish
_y20th century
_vCatalogs.
650 0 _aPainting
_xPrivate collections
_zUnited States
_vCatalogs.
700 1 _aFabritius, Elisabeth.
942 _2lcc
_cBOOKS